000 01178cam a2200325 a 4500
001 4755877
003 ARRUPE
005 20150909102740.0
008 850318s1984 au b 101 0 eng
010 _a 85131122
020 _a3853695809 (pbk.)
040 _aDLC
_cDLC
_dDLC
041 0 _aeng
_bger
050 0 0 _aBF38.5
_b.M53 1984
082 0 0 _a150
_219
245 1 0 _aMind, language, and society /
_cedited by Otto Neumaier.
260 _aVienna :
_bVWGÖ,
_c1984.
300 _a229 p. ;
_c24 cm.
440 0 _aConceptus-Studien ;
_v2
_919545
500 _aHeelan, Patrick A. - Is visual space Euclidean? A study in the hermeneutics of perception P. 1-12
500 _a.
504 _aIncludes bibliographies and index.
650 0 _aPsychology
_xMethodology
_xCongresses.
_919546
650 0 _aSocial sciences
_xMethodology
_xCongresses.
_919547
650 0 _aPsycholinguistics
_xMethodology
_xCongresses.
_919548
700 1 _aNeumaier, Otto.
_919549
711 2 _aInternational Congress of Logic, Methodology, and Philosophy of Science
_n(7th :
_d1983 :
_cSalzburg, Austria)
_919550
906 _a7
_bcbc
_corignew
_d3
_encip
_f19
_gy-gencatlg
942 _2lcc
_cMONOGRAPH
999 _c123309
_d123309